000
00233 a2200097 4500
001
51287
100
_a
Ashley H
245
_a
Engineering Analysis of Flight Vehicles
260
_a
London
_b
Wesley/Dover Pub
_c
090
_c
32478
_d
32478
942
_a
NUST-CAE
_c
M
_c
24978
999
_c
286360
_d
286360